|
|
|
|
| LEADER |
00000nam0a2200000 4500 |
| 001 |
374061 |
| 005 |
20231102012624.0 |
| 035 |
|
|
|a (RuTPU)RU\TPU\retro\31494
|
| 035 |
|
|
|a RU\TPU\book\249631
|
| 090 |
|
|
|a 374061
|
| 100 |
|
|
|a 20221216d1986 k y0rusy50 ca
|
| 101 |
0 |
|
|a rus
|
| 102 |
|
|
|a RU
|
| 105 |
|
|
|a a z 001zy
|
| 200 |
1 |
|
|a Геологические проблемы разработки нефтяных месторождений
|e сборник научных трудов
|f Государственный институт по проектированию и исследовательским работам в нефтяной промышленности "Гипровостокнефть"
|
| 210 |
|
|
|a Куйбышев
|c Гипровостокнефть
|d 1986
|
| 215 |
|
|
|a 150 с.
|c ил.
|
| 320 |
|
|
|a Библиография в конце статей
|
| 606 |
1 |
|
|a Нефтяные месторождения (горное дело)
|x Геология
|2 stltpush
|3 (RuTPU)RU\TPU\subj\45953
|9 65142
|
| 610 |
1 |
|
|a разработка
|
| 610 |
1 |
|
|a нефтяные залежи
|
| 610 |
1 |
|
|a геолого-физическая характеристика
|
| 610 |
1 |
|
|a пласты-коллекторы
|
| 610 |
1 |
|
|a геолого-литологическое строение
|
| 610 |
1 |
|
|a нефть
|
| 610 |
1 |
|
|a извлечение
|
| 610 |
1 |
|
|a прогнозирование
|
| 610 |
1 |
|
|a эмпирические данные
|
| 610 |
1 |
|
|a подсчетные параметры
|
| 675 |
|
|
|a 622.276.03
|v 3
|
| 712 |
0 |
2 |
|a Государственный институт по проектированию и исследовательским работам в нефтяной промышленности "Гипровостокнефть"
|2 stltpush
|3 (RuTPU)RU\TPU\col\12480
|9 25424
|
| 801 |
|
1 |
|a RU
|b 63413507
|c 20121226
|
| 801 |
|
2 |
|a RU
|b 63413507
|c 20221216
|g RCR
|
| 942 |
|
|
|c BK
|